Statistics for Super Mario Galaxy 1 and 2 Power Ups

Click here to take the quiz!

General Stats

  • This quiz has been taken 214 times
  • The average score is 8 of 13

Answer Stats

HintAnswer% Correct
Fire Flower
90%
Bee Mushroom
86%
Ice Flower
86%
Spring Mushroom
77%
Boo Mushroom
73%
Rock Mushroom
70%
Cloud Flower
67%
Rainbow Star
57%
Red Star
54%
Spin Drill
37%
Dash Pepper
23%
Blimp Fruit
20%
Bulb Berry
20%

Score Distribution

Percentile by Number Answered

Percent of People with Each Score

Your Score History

You have not taken this quiz